Dopad koronavírusu na slovenskú ekonomiku. Rýchly odhad HDP
Prepuknutie pandemického ochorenia COVID‑19 spôsobeného novým koronavírusom a dôsledky v paralyzovaní ekonomiky. Rýchle odhady vývoja ekonomiky ako dôležité nástroje pre reakcie politikov pri tvorbe potrebných opatrení a hospodárskej politiky. Posudzovanie ekonomického rastu Slovenskej republiky pom...
Na minha lista:
| Autor principal: | |
|---|---|
| Formato: | Capítulo de Livro |
| Idioma: | eslovaco |
| Assuntos: | |
| Tags: |
Sem tags, seja o primeiro a adicionar uma tag!
|
MARC
| LEADER | 00000naa$a2200000$$$4500 | ||
|---|---|---|---|
| 001 | 0270899 | ||
| 005 | 20240502074242.7 | ||
| 041 | 0 | |a slo | |
| 044 | |a SK | ||
| 245 | 1 | 0 | |a Dopad koronavírusu na slovenskú ekonomiku. Rýchly odhad HDP |c Silvia Komara |
| 520 | |a Prepuknutie pandemického ochorenia COVID‑19 spôsobeného novým koronavírusom a dôsledky v paralyzovaní ekonomiky. Rýchle odhady vývoja ekonomiky ako dôležité nástroje pre reakcie politikov pri tvorbe potrebných opatrení a hospodárskej politiky. Posudzovanie ekonomického rastu Slovenskej republiky pomocou základnej makroekonomickej veličiny hrubý domáci produkt a konceptu ARIMA modelov ako modelového aparátu pre tvorbu rýchleho odhadu HDP. | ||
| 610 | 2 | 0 | |a prognózy hospodárske |
| 610 | 2 | 0 | |a modely ekonometrické |
| 610 | 2 | 0 | |a ukazovatele makroekonomické |
| 610 | 2 | 0 | |a produkt domáci hrubý |
| 610 | 2 | 0 | |a pandémia |
| 610 | 2 | 0 | |a koronavírus |
| 610 | 2 | 0 | |a Slovensko |
| 100 | 1 | |a Komara, Silvia, 1985- | |